<?xml version="1.0" encoding="UTF-8"?>
<record
    xmlns:xsi="http://www.w3.org/2001/XMLSchema-instance"
    xsi:schemaLocation="http://www.loc.gov/MARC21/slim http://www.loc.gov/standards/marcxml/schema/MARC21slim.xsd"
    xmlns="http://www.loc.gov/MARC21/slim">

  <leader>01966nam a22002417a 4500</leader>
  <controlfield tag="005">20140808125140.0</controlfield>
  <datafield tag="010" ind1=" " ind2=" ">
    <subfield code="a">ENG-110296</subfield>
  </datafield>
  <datafield tag="020" ind1=" " ind2=" ">
    <subfield code="a">9788132117384</subfield>
    <subfield code="c">525.00</subfield>
  </datafield>
  <datafield tag="035" ind1=" " ind2=" ">
    <subfield code="a">EN-93828</subfield>
  </datafield>
  <datafield tag="037" ind1=" " ind2=" ">
    <subfield code="b">DBAD/PUB</subfield>
  </datafield>
  <datafield tag="082" ind1=" " ind2=" ">
    <subfield code="a">796.358</subfield>
  </datafield>
  <datafield tag="100" ind1=" " ind2=" ">
    <subfield code="a">Giridhar, S.</subfield>
  </datafield>
  <datafield tag="245" ind1=" " ind2=" ">
    <subfield code="a">Mid-wicket tales :</subfield>
    <subfield code="b">from Trumper to Tendulkar /</subfield>
    <subfield code="c">by S.Giridhar [and] V.J.Raghunath</subfield>
  </datafield>
  <datafield tag="260" ind1=" " ind2=" ">
    <subfield code="a">New Delhi </subfield>
    <subfield code="b">Sage Publications</subfield>
    <subfield code="c">2014</subfield>
  </datafield>
  <datafield tag="270" ind1=" " ind2=" ">
    <subfield code="a">B1/I-1 Mohan Cooperative Industrial Area Mathura Road</subfield>
    <subfield code="b">New Delhi</subfield>
    <subfield code="e">110044</subfield>
  </datafield>
  <datafield tag="300" ind1=" " ind2=" ">
    <subfield code="a">xix,245p.:</subfield>
    <subfield code="b">col.photos,ill.</subfield>
    <subfield code="c">22cm(pbk)</subfield>
  </datafield>
  <datafield tag="500" ind1=" " ind2=" ">
    <subfield code="a">Includes bibliographical references and index</subfield>
  </datafield>
  <datafield tag="505" ind1=" " ind2=" ">
    <subfield code="a"> The thrill of close-in catching -- The lesser known facets of Kapil&#x2019;s brilliance -- Fab Four: once in a lifetime lineup -- Men like Dravid: trust them with your life -- Rolls Royce and other terrors: right-arm fast -- The magic of leg spin -- First-class cricket: lifeblood of the game -- Worrell, Brearley and other great captains -- Big hitting is not new: ask Trumper and Jessop -- Leg before wicket: the changing paradigm -- An evening with Salim Durani -- A special place in our hearts: the right-hand stylists -- Left-arm spin: its place in cricket history -- Nurturing new batsmen: look for early signs of greatness -- Left-arm fast: just a few pearls -- 600 sit-ups a day: the wicket keepers -- All about opening batsmen -- The chinaman and mystery bowler -- Every form of spin: that&#x2019;s India -- Nobility and courage: the very spirit of the game -- The sublime left handers -- Neil Harvey: every left hander&#x2019;s idol -- For an even game between bat and ball -- Prasanna, Laker and the tribe of off spinners -- Rubbing shoulders with the best: stories from Madras and Bombay League -- Sachin Ramesh Tendulkar: carrying a billion hopes.</subfield>
  </datafield>
  <datafield tag="650" ind1=" " ind2=" ">
    <subfield code="a">Cricket </subfield>
    <subfield code="x">History </subfield>
    <subfield code="v"> Anecdotes.</subfield>
  </datafield>
  <datafield tag="650" ind1=" " ind2=" ">
    <subfield code="a"> Cricket players</subfield>
    <subfield code="x">History</subfield>
    <subfield code="v"> Anecdotes.</subfield>
  </datafield>
  <datafield tag="700" ind1=" " ind2=" ">
    <subfield code="a">Raghunath, V.J.</subfield>
  </datafield>
  <datafield tag="942" ind1=" " ind2=" ">
    <subfield code="2">ddc</subfield>
    <subfield code="c">EN</subfield>
    <subfield code="m">GIR</subfield>
    <subfield code="h">796.358</subfield>
  </datafield>
  <datafield tag="999" ind1=" " ind2=" ">
    <subfield code="c">85813</subfield>
    <subfield code="d">85813</subfield>
  </datafield>
  <datafield tag="952" ind1=" " ind2=" ">
    <subfield code="0">0</subfield>
    <subfield code="1">0</subfield>
    <subfield code="4">0</subfield>
    <subfield code="7">1</subfield>
    <subfield code="8">NFIC</subfield>
    <subfield code="a">DBAD</subfield>
    <subfield code="b">DBAD</subfield>
    <subfield code="d">2014-06-30</subfield>
    <subfield code="e">ENG-110296</subfield>
    <subfield code="g">525.00</subfield>
    <subfield code="l">0</subfield>
    <subfield code="o">796.358 GIR</subfield>
    <subfield code="p">EN-93828</subfield>
    <subfield code="r">2014-06-30 00:00:00</subfield>
    <subfield code="t">1</subfield>
    <subfield code="v">525.00</subfield>
    <subfield code="y">EN</subfield>
  </datafield>
</record>
